|
|
|
|
| LEADER |
01098nam a2200253 u 4500 |
| 001 |
10027015 |
| 003 |
upatras |
| 005 |
20210117205956.0 |
| 008 |
960131s1988 ge eng |
| 020 |
|
|
|a 3540501134
|q (Χαρτόδ. μαλακό)
|
| 040 |
|
|
|a GR-PaULI
|c GR-PaULI
|
| 041 |
0 |
|
|a eng
|
| 245 |
1 |
0 |
|a Geometry and analysis on manifolds
|b Proceedings of the 21st International Taniguchi Symposium held at Katata, Japan, Aug. 23-29 and the Conference held at Kyoto, Aug. 31 - Sept. 2, 1987
|c T. Sunada (Ed.)
|
| 260 |
|
|
|a Berlin
|b Springer Verlag
|c 1988
|
| 300 |
|
|
|a viii, 277 p.
|c 24 cm
|
| 490 |
0 |
|
|a Lecture notes in mathematics
|v 1339
|
| 505 |
1 |
|
|a Includes appendix . - references
|
| 650 |
|
4 |
|a Γεωμετρία, Διαφορική
|9 2180
|
| 700 |
1 |
|
|a Sunada, Toshikazu
|9 152804
|
| 760 |
1 |
|
|a Lecture notes in mathematics
|g 1339
|
| 852 |
|
|
|a GR-PaULI
|b ΠΑΤΡΑ
|b ΦΥΣΙΚΟ
|k ΑΕΧ-1
|h 51.7 SUN
|m 03918
|t 1
|
| 942 |
|
|
|2 ddc
|c BK15
|
| 952 |
|
|
|0 0
|1 0
|4 0
|6 51_700000000000000_SUN
|7 0
|9 197403
|a PHYS
|b PHYS
|d 2016-04-24
|i 03918
|l 0
|o 51.7 SUN
|r 2016-04-24 00:00:00
|t 1
|w 2016-04-24
|y BK15
|
| 999 |
|
|
|c 121207
|d 121207
|